Важный вклад в развитие геохимии; Геологический журнал; Т. 42, № 4

Dades bibliogràfiques
Parent link:Геологический журнал/ Академия наук Украинской ССР (АН УССР), Институт геологических наук (ИГН).— , 1969-1993.— 0367-4290
Т. 42, № 4.— 1982.— С. 140-143
Autor principal: Шварцев С. Л. Степан Львович
Altres autors: Вовк И. Ф., Рассказов Н. М. Николай Михайлович
Idioma:rus
Publicat: 1982
Matèries:
Format: MixedMaterials Capítol de llibre
KOHA link:https://koha.lib.tpu.ru/cgi-bin/koha/opac-detail.pl?biblionumber=411868

MARC

LEADER 00000naa2a2200000 4500
001 411868
005 20231101071628.0
035 |a (RuTPU)RU\TPU\prd\66358 
090 |a 411868 
100 |a 20090515a1982 k y0rusy50 ca 
101 0 |a rus 
102 |a RU 
200 1 |a Важный вклад в развитие геохимии   |f С. Л. Шварцев, И. Ф. Вовк , Н. М. Рассказов 
461 0 |0 (RuTPU)RU\TPU\prd\135  |x 0367-4290  |t Геологический журнал  |f Академия наук Украинской ССР (АН УССР), Институт геологических наук (ИГН)  |d 1969-1993 
463 0 |0 (RuTPU)RU\TPU\prd\60802  |t Т. 42, № 4  |v С. 140-143  |d 1982 
610 1 |a труды учёных ТПУ 
700 1 |a Шварцев  |b С. Л.  |c российский гидрогеолог, доктор геолого-минералогических наук  |c профессор Томского политехнического университета, академик РАЕН  |f 1936-  |g Степан Львович  |2 stltpush  |3 (RuTPU)RU\TPU\pers\25914 
701 1 |a Вовк  |b И. Ф.  |4 070 
701 1 |a Рассказов  |b Н. М.  |c доктор геолого-минералогических наук  |c профессор Томского политехнического университета  |f 1932-  |g Николай Михайлович  |2 stltpush  |3 (RuTPU)RU\TPU\pers\22123  |4 070 
801 1 |a RU  |b 63413507  |c 20090515  |g PSBO 
801 2 |a RU  |b 63413507  |c 20100413  |g RCR 
942 |c BK